000 00678nam a22002417a 4500
001 000579
003 DO-SdBNP
005 20180201090554.0
007 000579
008 161020b 1970 sp a ||||| |||| 00| 0 spa d
020 _a8424301269
040 _aBPMSU
_bspa
_cBPMSU
082 _axxxx
_bxxxx
100 1 _aDickens, Charles,
_d1812-1870.
245 1 0 _aLa Pequeña Dorrit /
_cCharles Dickens.
260 _aBilbao, España :
_bLaida,
_c1970.
300 _a128 p. :
_bil. ;
_c21 cm.
490 1 _aClásica Juvenil
_v9
830 0 _aClásica Juvenil ;
_v9
942 _2ddc
_cBK
945 _aInventariado, 2018/ YL
956 _2LOPEREZ
_310
_620161020
_8BPMSU
_a00041
999 _c11629
_d11629